| 000 | 00598nam a22002177a 4500 | ||
|---|---|---|---|
| 003 | OSt | ||
| 005 | 20191122143342.0 | ||
| 008 | 130129t xxu||||| |||| 00| 0 eng d | ||
| 020 | _a971951760 | ||
| 050 |
_aDS 675.8 .C886 2011 _b.C886 2011 |
||
| 082 |
_aFIL959.9020 _bC886 2011 |
||
| 245 |
_aLineage, life and labors of Jose Rizal, Philippine patriot / _cCraig, Austin |
||
| 260 |
_aManila : _bPhilippine Education Co. _c2011. |
||
| 300 |
_a287 p. _c24 cm. _bill. |
||
| 526 | _c1210L-1700L | ||
| 562 | _e3 | ||
| 942 |
_2lcc _cBK _kFIL |
||
| 999 |
_c17360 _d17360 |
||